00993nam a2200277Ia 450000500170000000800410001702000180005810000350007624501130011125000110022430000420023553400460027765000300032365000400035365000410039365000490043470000380048394200120052126400330053333600270056633700330059333800280062604000350065408400110068999900150070020220317000200.0141031s9999 xx 000 0 und d a978849639111610aVincent, Gabrielle d1928-200010aErnesto y Celestina van al fotógrafo ctexto e ilustraciones Gabrielle Vincent ; traducción Pilar Pablos a1a ed. a29 páginas bilustraciones c18 cm. tErnest et Célestine chez le photographe14a Autores franceses 2LEMB14a Cuentos infantiles franceses2LEMB14a Literatura infantil francesa 2LEMB14aAnimales humanizados en la literatura 2LEMB10aPablos, Pilaretraductora 917534 2loccBK aZaragoza bMarenostrumc2008 atextobtxt2rdacontent asin mediaciónbn2rdamedia avolumenbnc2rdacarrier aCO-BoRNBPbspaerdacCO-BoRNBP aC VIN1 c3327d3327